000 00525cam a22002172a 4500
001 005558
003 AR-FADEU
008 311216n1973####xxu####################dd
020 _a0-435-27003-6
092 _a808.831
_bP962
100 _aProwse, Philip
245 _aBristol murder
260 _aLondon
260 _bHeinemann
260 _c1973
300 _a69 p. : il.
440 _aHeinemann guided readers
_n4
650 _a/LITERATURA/CUENTO; SHORT STORIES/REVISADO/
546 _aInglés
942 _cBDGR
999 _c11380
_d11380